NAQT You Gotta Know - Enzymes - Statistics

General Stats
  • This quiz has been taken 8 times
  • The average score is 2 of 11
Answer Stats
Hint Answer % Correct
Catalyzes the hydrolysis of starch into simple sugars during digestion. Present in the saliva of humans and other mammals, as well as in the pancreas. Amylase
33%
Used in the CRISPR technique for gene editing. Native to Streptococcus pyogenes, it checks the spacer region of a guide RNA (gRNA) for any sites complementary to a piece of foreign DNA; if there are any such complementary sites, it cuts the foreign DNA. Cas9
17%
Decomposes hydrogen peroxide into water and oxygen. Found in virtually every organism that is exposed to oxygen, and is crucial for preventing cells from experiencing damage from reactive oxygen species. Catalase
17%
Breaks down proteins into peptides and amino acids during digestion. Its precursor is produced by gastric chief cells in the stomach and is the most active in the acidic environment of gastric acid. Pepsin
17%
Catalyzes the formation of complementary DNA from an RNA template. It is used by retroviruses such as HIV in order to replicate their genomes: a class of anti-HIV drugs known as reverse transcriptase inhibitors interfere with the function of the enzyme. Also used by retroransposons. Reverse Transcriptase
17%
Catalyzes the formation of single-stranded RNA from a DNA template. In eukaryotes, one enzyme in this family synthesizes precursors of mRNA during transcription. In prokaryotes, it is bound to a sigma factor, which binds to the core promoter region in which transcription is initiated. RNA Polymerase
17%
Involved in the light-independent/dark reactions of photosynthesis, part of a pathway known as the Calvin cycle. Catalyzes the carboxylation of RuBP to form two molecules of G3P. Most abundant enzyme on Earth. Rubisco
17%
Adds a repeat sequence called a telomere to the end of chromosomes; telomeres shorten during each round of cell division, a phenomenon that is correlated with cellular aging. Telomerase
17%
Catalyzes the formation of a molecule of ATP from adenosine diphosphate (ADP) and inorganic phosphate. It is a molecular machine with two subunits. ATP Synthase
0%
Catalyzes the synthesis of DNA from a DNA template, particularly during DNA replication. It reacts a growing DNA strand with a nucleoside triphosphate, resulting in a DNA strand one base longer and an ion of pyrophosphate. There are several enzymes this family. DNA Polymerases
0%
Cuts DNA into fragments at specific recognition sites, most of which are palindromic. The product is either two strands of even length (a blunt end) or one strand that is slightly longer than the other (a sticky end). Restriction Enzymes
0%
No matching quizzes found
Score Distribution
Percent of People with Each Score
Percentile by Number Answered
Your Score History
You have not taken this quiz